000 00642nam a2200193 a 4500
001 000745835
003 AM-YeHGA
005 20250617143458.0
008 100623s ru r 000 0 rus d
040 _aAM-YeHGA
041 1 _arus
_hrum
100 1 _aМатей, Хория
245 1 0 _aМайя /
_cХория Матей; Пер. с рум. Т. Воронцовой.
260 _aБухарест :
_bИзд-во Молодежи,
_cБ. г.
300 _a204 с. :
_b[8] л. ил.
653 0 _aКультуры древнии - Майя - Этнография
700 1 _aВоронцова, Т.
_eпер.
_4trl
090 _c277291
999 _c275643
_d275643